000 00580nam a2200217Ia 4500
003 OSt
005 20220928140645.0
006 a|||||r|||| 00| 0
007 ta
008 220927b |||||||| |||| 00| 0 eng d
024 _a10590
037 _cTextual
040 _aSDCL
_cSDCL
_beng
041 _2eng
_aeng
082 _aO-,3M40:g(Y15), M8
100 _aMorgan Rosemarie
_9496663
245 0 _aWomen and sexuality in the novels of Thomas Hardy.
260 _c1988
942 _hO-,3M40:g(Y15), M8
_cTEXL
_2CC
999 _c813080
_d813080